Journal of East Asia & international law

Bibliographic Details
Corporate Author: Yijun Institute of International Law (Seul, Corea)
Format: Unknown
Language:English
Published: Seoul, Korea : Yijun Institute of International Law
Subjects:
Online Access:Acceso restringido

MARC

LEADER 00000ny a22000003n 4500
003 OCoLC
005 20110513115018.0
008 080618c20089999ko fr 0 0eng d
022 |a 1976-9229 
035 |a 5000 
040 |a ONA  |c ONA  |d vLex 
043 |a ae----- 
080 |a 340(5-12)(05) 
090 |b .J68 
090 |b .J68 
090 |c 1863  |d 1863 
245 3 0 |a Journal of East Asia & international law  |h [Recurso electrn̤ico] 
246 3 0 |a Journal of East Asia and International law 
256 |a Servicio en ln̕ea 
260 |a Seoul, Korea :  |b Yijun Institute of International Law 
310 |a Semestral 
506 1 |a Contenido solo disponible en los productos indicados  |d vLex Global  |d vLex Global (Academic Edition, excluding Law Schools)  |d vLex Global (U.S. Academic Edition, Law Schools)  |d vLex Global (U.S. Academic Edition, excluding Law Schools)  |d vLex Global (Academic Edition, Law Schools) 
650 0 4 |a Derecho internacional pb︢lico  |2 Tesauro vLex 
650 0 4 |a Derecho internacional  |2 Tesauro vLex 
650 0 4 |a Derecho internacional privado  |2 Tesauro vLex 
650 0 4 |a Fuentes del derecho Civil  |2 Tesauro vLex 
650 0 4 |a Derecho extranjero  |2 Tesauro vLex 
710 2 |a Yijun Institute of International Law (Seul, Corea) 
740 0 |a vLex Revista (Servicios en ln̕ea) 
843 |a Electrn̤ica. Abierta 
853 |8 1  |i (year)  |j (month)  |k (day) 
856 4 0 |u http://vlex.com/source/5000  |z Acceso restringido 
942 |c REV 
999 0 |a International law  |v Periodicals. 
999 0 |a Law  |z East Asia  |v Periodicals.